000 01062nam a2200277 i 4500
003 DO-SdBNP
005 20250415091415.0
007 ta
008 250415b2021 dr ||||| |||| 00| 0 spa d
040 _aDO-SdBNP
_bspa
_cBNPHU
_erda
041 _aspa
082 4 _axxx
_bC352p
_222
100 1 _aCastillo, Aurelia
_eautor
_4aut.
_976355
245 1 3 _aEl país de Sololá /
_cAurelia Castillo ; diagramación por Máximo Castro ; ilustración de portada por Marcos Printer ; corrección de estilo por Juan Galván y Carlos Monti.
264 _aSanto Domingo, República Dominicana :
_b[editor no identificado],
_c2021.
300 _a115 páginas :
_bilustraciones, retratos ;
_c22 cm.
336 _atexto
_btxt
_2rdacontent
337 _asin mediación
_bn
_2rdacontent
338 _avolumen
_bnc
_2rdacarrier
500 _aIncluye datos biográficos de la autora en las solapas
590 _aInventariado, 2025 /LP
700 1 _aGalván, Juan
_ecorrector
_4corr.
_987452
700 1 _aMonti, Carlos
_ecorretor
_4corr.
_987453
910 _aLP
942 _2ddc
_cLBS1
999 _c58160
_d58160